000 00536nam a22001937a 4500
003 OSt
005 20160202124144.0
008 160202b xxu||||| |||| 00| 0 eng d
020 _a9171064133
040 _cDDC
082 _a303.616OUT 1997
100 _aEdited by Gunner M.Sorbo;Vale ,Peter;
_96651
245 _aOut of Conflict From war to Peace in Africa.
260 _aSweden.
_bChr.Michelsen Institute.
_c1997
300 _a214p;
_bill;
_c24cm
504 _aincludes references.
650 _aHistory.
_96507
942 _2ddc
_cSLOAN
999 _c2924
_d2924